Polyatomic Ions (90) - Statistics

General Stats
  • This quiz has been taken 15 times
  • The average score is 63 of 90
Answer Stats
Name Formula % Correct
hydrogen H+1
100%
Bromide Br-1
90%
Phosphate PO4-3
90%
Strontium Sr+2
90%
Calcium Ca+2
80%
Chlorite ClO2-1
80%
Cobalt (II) Co+2
80%
Cobalt (III) Co+3
80%
Cesium Cs+1
80%
Fluoride F-1
80%
Francium Fr+1
80%
Hydrogen Phosphate HPO4-2
80%
Hydrogen Sulfate HSO4-1
80%
Nitride N-3
80%
sodium Na+1
80%
Nitrate NO3-1
80%
Hydroxide OH-1
80%
Phosphite PO3-3
80%
Silicate SiO3-2
80%
Silver Ag+1
70%
Aluminum Al+3
70%
Arsenic (V) As+5
70%
Arsenate AsO4-3
70%
Berylium Be+2
70%
Bismuth (III) Bi+3
70%
Bismuth (V) Bi+5
70%
Bismuth (V) Bi+5
70%
Bromate BrO3-1
70%
Acetate C2H3O2-1
70%
Chloride Cl-1
70%
Cyanide CN-1
70%
Carbonate CO3-2
70%
Chromium (II) Cr+2
70%
Dichromate Cr2O7-2
70%
Chromium (III) Cr+3
70%
Chromium (VI) Cr+6
70%
Chromate CrO4-2
70%
Cuprous Cu+1
70%
Dihydrogen Phosphate H2PO4-1
70%
Hydrogen Carbonate HCO3-1
70%
Hydrogen Sulfite HSO3-1
70%
Iodite IO2-1
70%
Periodate IO4-1
70%
Potassium K+1
70%
lithium Li+1
70%
Magnesium Mg+2
70%
Manganese (II) Mn+2
70%
Manganese (III) Mn+3
70%
Manganese (VI) Mn+6
70%
Permanganate MnO4-1
70%
Nickel (II) Ni+2
70%
Nickel (III) Ni+3
70%
Nitrite NO2-
70%
Oxide O-2
70%
Perioxide O2-2
70%
Phosphide P-3
70%
Radium Ra+2
70%
Sulfide S-2
70%
Selenide Se-2
70%
Stannic Sn+4
70%
Sulfate SO4-2
70%
Zinc Zn+2
70%
Barium Ba+2
60%
Hypobromite BrO-1
60%
Bromite BrO2-1
60%
Perbromate BrO4-1
60%
Oxalate C2O4-2
60%
Carbide C-4
60%
Cadmium Cd+2
60%
Hypochlorite ClO-1
60%
Chlorate ClO3-1
60%
Perchlorate ClO4-1
60%
Cupric Cu+2
60%
Ferrous Fe+2
60%
Ferric Fe+3
60%
Gallium Ga+3
60%
Germanium Ge+4
60%
Hydronium H3O+1
60%
Mercurous Hg+1
60%
Mercuric Hg+2
60%
Iodide I-1
60%
Hypoiodite IO-1
60%
Iodate IO3-1
60%
Ammonium NH4+1
60%
Plumbic Pb+2
60%
Plumbous Pb+2
60%
Rubidium Rb+1
60%
Silicon Si+4
60%
Stannous Sn+2
60%
Sulfite SO3-2
60%
No matching quizzes found
Score Distribution
Percent of People with Each Score
Percentile by Number Answered
Your Score History
You have not taken this quiz